Villes les plus peuplées du Canada - Statistiques

Statistiques générales
  • Ce quiz a été pris 130 fois
  • Le résultat moyen est 9 sur 20
Statistiques - réponses
Population Ville % Correct
1 762 949 Montréal
97%
1 017 449 Ottawa
96%
2 794 356 Toronto
96%
549 459 Québec
90%
662 248 Vancouver
89%
1 306 784 Calgary
75%
1 010 899 Edmonton
73%
749 607 Winnipeg
55%
438 366 Laval
45%
439 819 Halifax
36%
266 141 Saskatoon
31%
291 041 Gatineau
30%
569 353 Hamilton
27%
422 324 London
26%
717 961 Mississauga
26%
656 480 Brampton
15%
568 322 Surrey
12%
256 885 Kitchener
8%
338 503 Markham
8%
323 103 Vaughan
7%
Aucun quiz correspondant
Distribution des résultats
% des personnes avec chaque résultat
Percentile par nombre de réponses
Votre historique - résultats
Vous n’avez pas pris ce quiz